Urbanization in Latin America : (Record no. 34477)
[ view plain ]
| 000 -LEADER | |
|---|---|
| fixed length control field | 01207cam a22003011i 4500 |
| 001 - CONTROL NUMBER | |
| control field | 34477 |
| 003 - CONTROL NUMBER IDENTIFIER | |
| rucl marc code | BD-RjUL |
| 005 - DATE AND TIME OF LATEST TRANSACTION | |
| control field | 20211209052151.0 |
| 008 - FIXED-LENGTH DATA ELEMENTS--GENERAL INFORMATION | |
| fixed length control field | 140517s1961 fr 000 0 eng |
| 035 ## - SYSTEM CONTROL NUMBER | |
| System control number | (BD-RjUL)34571 |
| System control number | (OCoLC)5531326 |
| 040 ## - CATALOGING SOURCE | |
| Original cataloging agency | DLC |
| Transcribing agency | NGcA |
| Modifying agency | BD-RjUL |
| Language of cataloging | eng |
| 041 ## - LANGUAGE CODE | |
| Language code of text/sound track or separate title | eng |
| 082 ## - DEWEY DECIMAL CLASSIFICATION NUMBER | |
| Classification number | 301.364098 |
| Author mark and year | SEU 1961 |
| 111 2# - MAIN ENTRY--MEETING NAME | |
| Meeting name or jurisdiction name as entry element | Seminar on Urbanization Problems in Latin America |
| Date of meeting | (1959 : |
| Location of meeting | Santiago de Chile) |
| 9 (RLIN) | 104860 |
| 245 10 - TITLE STATEMENT | |
| Title | Urbanization in Latin America : |
| Remainder of title | proceedings / |
| Statement of responsibility, etc. | Edited by Philip M. Hauser. |
| 260 ## - PUBLICATION, DISTRIBUTION, ETC. (IMPRINT) | |
| Place of publication, distribution, etc. | Paris : |
| Name of publisher, distributor, etc. | UNESCO |
| Date of publication, distribution, etc. | c1961. |
| 300 ## - PHYSICAL DESCRIPTION | |
| Pagination | 331 p. ; |
| Size | 22 cm. |
| 490 0# - SERIES STATEMENT | |
| Series statement | Technology and society |
| 500 ## - GENERAL NOTE | |
| General note | "Seminar jointly sponsored by the Bureau of Social Affairs of the United Nations, the Economic Commission for Latin America, and Unesco in co-operation with the International Labour Organisation and the Organization of American States." |
| 504 ## - BIBLIOGRAPHY, ETC. NOTE | |
| Bibliography, etc | Bibliographical footnotes. |
| 650 #0 - SUBJECT ADDED ENTRY--TOPICAL TERM | |
| Topical term or geographic name as entry element | Urbanization |
| Geographic subdivision | Latin America. |
| 9 (RLIN) | 104675 |
| 700 1# - ADDED ENTRY--PERSONAL NAME | |
| Personal name | Hauser, Philip Morris, |
| Dates associated with a name | 1909- |
| Relator term | ed. |
| 710 2# - ADDED ENTRY--CORPORATE NAME | |
| Corporate name or jurisdiction name as entry element | United Nations. |
| Subordinate unit | Bureau of Social Affairs. |
| 9 (RLIN) | 104859 |
| 942 ## - ADDED ENTRY ELEMENTS (KOHA) | |
| Source of classification or shelving scheme | Dewey Decimal Classification |
| Koha item type | Books |
| Lost status | Source of classification or shelving scheme | Damaged status | Not for loan | Collection code | Permanent Location | Current Location | Shelving location | Date acquired | Source of acquisition | Cost, normal purchase price | Total Checkouts | Full call number | Date last seen | Copy number | Koha item type |
|---|---|---|---|---|---|---|---|---|---|---|---|---|---|---|---|
| Dewey Decimal Classification | Not For Loan | Non-fiction | Central Library, University of Rajshahi | Central Library, University of Rajshahi | Reading Room | 23/11/1965 | Zeitlinger | 24.00 | 301.364098 SEU 1961 | 17/05/2014 | C-1 | Books |